000 00377 a2200145 4500
005 20250524095909.0
020 _a0 7161 0113 0
082 _a658.7 BAI
100 _aBAILY, P.
245 _aManaging Materials in Industry.
260 _aLondon,
_bGower Press,
_c1972.
300 _axv, 341p.: ill.; figure
_bBibliography & Index
_c24cm
700 _aFARMER, D.
942 _2ddc
_cBKS
999 _c2617
_d2617